| 000 | 01199nam2a2200229 4500 | ||
|---|---|---|---|
| 001 | rc\3022974 | ||
| 005 | 20260315064752.0 | ||
| 035 | _a(NLR Aleph) 007164806 | ||
| 090 |
_a13619580 _c13619580 |
||
| 100 | _a20110928d1935 u y0rusy50 ca | ||
| 101 | 0 | _arus | |
| 102 | _aRU | ||
| 105 | _ay z ||||| | ||
| 200 | 0 | _aВып. 1 | |
| 210 | _d1935 | ||
| 215 | _aОбл., тит. л., II, 53 с. | ||
| 461 | 0 |
_1001rc\3022973 _12000#$aИстория строительной техники$eВып. 1-$fЮ.К. Милонов$gПод общ. ред. А.А. Зворыкина$gПостоянная комиссия по истории техники при ВКВТО ЦИК СССР$vВып. 1 _1700#1$aМилонов$bЮ.К.$gЮрий Константинович$f1895- _97285753 _aМилонов, Ю.К. (1895-) _cМосква _d1935-1937 _fЮ.К. Милонов _nФак-т заоч. повышения квалификации инж-ров и техников по обществ.-полит. наукам _oВып. 1- _tИстория строительной техники _vВып. 1 |
|
| 801 | 0 |
_aRU _bNLR _gpsbo |
|
| 801 | 1 |
_aRU _bELAR _2rusmarc |
|
| 852 |
_aNLR _j35-19/130(1) |
||
| 942 | _cUNSPEC | ||
| 980 | _aNB | ||